|
|
|
|
| LEADER |
00000nam0a2200000 4500 |
| 001 |
323522 |
| 005 |
20231102003558.0 |
| 035 |
|
|
|a (RuTPU)RU\TPU\book\349109
|
| 090 |
|
|
|a 323522
|
| 100 |
|
|
|a 20161021d1973 k y0rusy50 ca
|
| 101 |
1 |
|
|a rus
|c eng
|
| 102 |
|
|
|a RU
|
| 105 |
|
|
|a a z 101zy
|
| 200 |
1 |
|
|a Международный конгресс по химии цемента, 5-й, Токио, 1968 г.
|e [сборник]
|e пер. с англ.
|f Международный конгресс по химии цемента ; под ред. О. П. Мчедлова-Петросяна
|
| 210 |
|
|
|a Москва
|c Стройиздат
|d 1973
|
| 215 |
|
|
|a 480 с.
|c ил.
|
| 320 |
|
|
|a Библиография в конце докладов
|
| 512 |
1 |
|
|a Пятый международный конгресс по химии цемента
|
| 606 |
1 |
|
|a Цемент
|x Химия
|2 stltpush
|3 (RuTPU)RU\TPU\subj\35307
|9 57024
|
| 610 |
1 |
|
|a цементные материалы
|
| 610 |
1 |
|
|a цементный клинкер
|
| 610 |
1 |
|
|a свойства
|
| 610 |
1 |
|
|a растворы
|
| 610 |
1 |
|
|a бетоны
|
| 610 |
1 |
|
|a добавки
|
| 610 |
1 |
|
|a действие
|
| 610 |
1 |
|
|a конгрессы
|
| 610 |
1 |
|
|a Токио
|
| 675 |
|
|
|a 666.94.014(063)
|v 4
|
| 702 |
|
1 |
|a Мчедлов-Петросян
|b О. П.
|4 340
|
| 712 |
1 |
2 |
|a Международный конгресс по химии цемента
|d 5
|e Токио
|f 1968
|4 570
|
| 801 |
|
1 |
|a RU
|b 63413507
|c 20161021
|
| 801 |
|
2 |
|a RU
|b 63413507
|c 20161024
|g RCR
|
| 942 |
|
|
|c BK
|